000 00602nam a22002537a 4500
001 28506
003 UA-OsUOA
005 20220203214642.0
007 ta
008 20050404b un ||||| |||| 00| 0 ukr d
020 _a5-8243-0497
040 _aUA-OsUOA
_brus
_cUA-OsUOA
_dUA-OsUOA
041 _arus
044 _aRU
080 _a1:291.1
090 _a1:291.1
_bЖ72
100 _aЖильсон Э.
245 _aИзбранно: Христианская философия
260 _aМ.
_bРОССПЭН
_c2004
300 _a704 с.
650 7 _2UDC
942 _cBK
_2udc
955 _a0
999 _c314875
_d314875